| 000 | 00560nam a22001937a 4500 | ||
|---|---|---|---|
| 003 | 0 | ||
| 005 | 20231205101905.0 | ||
| 008 | 231205b xxu||||| |||| 00| 0 eng d | ||
| 020 | _a978-971-518-488-5 | ||
| 050 |
_aCL _bVer531 2011 |
||
| 082 |
_aCL _bVer531 2011 |
||
| 100 | _aVerne, Jules | ||
| 245 |
_aAround the world in eight days _cJules Verne |
||
| 260 |
_aQuezon City _bLampara Publishing House _cc2011. |
||
| 300 |
_a127 pages : _bcolored illustrations ; _c20cm. |
||
| 504 | _aIncludes glossary. | ||
| 650 | _aClassic stories. | ||
| 942 |
_2ddc _cBK |
||
| 999 |
_c365709 _d365709 |
||